| 000 | 00685nam a22002297a 4500 | ||
|---|---|---|---|
| 001 | SJDS | ||
| 003 | SJDS | ||
| 005 | 20220808185110.0 | ||
| 008 | 220518b mx ||||| |||| 00| 0 spa d | ||
| 020 | _a9684091397 | ||
| 020 | _a9789684091399 | ||
| 040 | _csjds | ||
| 041 | _aspa | ||
| 100 | _aCamus, William | ||
| 245 |
_aLeyendas de la antigua America / _cWilliam Camus ; ilustraciones de K. Omeite ; [traduccion de Cristina Krafft]. |
||
| 260 |
_aMexico, D.F. : _bEDAMEX, _c1993, c1979. |
||
| 300 |
_a126 pages : _billustrations ; _c 20 cm. |
||
| 500 | _aTranslation of: Legendes de la Vieille-Amerique. | ||
| 700 | _aOmeite, K. | ||
| 700 | _aKrafft, Christina | ||
| 942 | _cBK | ||
| 999 |
_c27022 _d27022 |
||